Miért szabad az ige utáni szórend a magyarban?

Elmentve itt :
Bibliográfiai részletek
Szerző: É. Kiss Katalin
Testületi szerző: A mai magyar nyelv leírásásnak újabb módszerei (7.)
Dokumentumtípus: Könyv része
Megjelent: Szegedi Tudományegyetem Általános Nyelvészeti Tanszék Szeged 2009
Sorozat:A mai magyar nyelv leírásának újabb módszerei 7
Kulcsszavak:Nyelvtudomány - magyar, Kvantorok, Nyelvészet - magyar, Magyar nyelvtan, Magyar nyelv - mondatszerkezet, Magyar nyelv - mondattan
Tárgyszavak:
Online Access:http://acta.bibl.u-szeged.hu/54321
LEADER 00993naa a2200217 i 4500
001 acta54321
005 20230602133718.0
008 180712s2009 hu o 1|| hun d
020 |a 978-963-306-001-8 
040 |a SZTE Egyetemi Kiadványok Repozitórium  |b hun 
041 |a hun 
100 2 |a É. Kiss Katalin 
245 1 0 |a Miért szabad az ige utáni szórend a magyarban?  |h [elektronikus dokumentum] /  |c  É. Kiss Katalin 
260 |a Szegedi Tudományegyetem Általános Nyelvészeti Tanszék  |b Szeged  |c 2009 
300 |a 19-31 
490 0 |a A mai magyar nyelv leírásának újabb módszerei  |v 7 
650 4 |a Bölcsészettudományok 
650 4 |a Nyelvek és irodalom 
695 |a Nyelvtudomány - magyar, Kvantorok, Nyelvészet - magyar, Magyar nyelvtan, Magyar nyelv - mondatszerkezet, Magyar nyelv - mondattan 
711 |a A mai magyar nyelv leírásásnak újabb módszerei (7.)  |c Szeged  |d 2007 
856 4 0 |u http://acta.bibl.u-szeged.hu/54321/1/mai_magyar_nyelv_007_019-031.pdf  |z Dokumentum-elérés